Handbook of clinical Anaesthesia (Record no. 123)

MARC details
000 -LEADER
fixed length control field 00587nam a22002177a 4500
003 - CONTROL NUMBER IDENTIFIER
control field OSt
005 - DATE AND TIME OF LATEST TRANSACTION
control field 20140704141006.0
008 - FIXED-LENGTH DATA ELEMENTS--GENERAL INFORMATION
fixed length control field 140704b xxu||||| |||| 00| 0 eng d
020 ## - INTERNATIONAL STANDARD BOOK NUMBER
International Standard Book Number 9781444108620
040 ## - CATALOGING SOURCE
Transcribing agency `DNLM
082 ## - DEWEY DECIMAL CLASSIFICATION NUMBER
Classification number WO275 H193b 2011
Item number H
100 ## - MAIN ENTRY--PERSONAL NAME
Dates associated with a name Edited by Pollard Brian J.
9 (RLIN) 332
245 ## - TITLE STATEMENT
Title Handbook of clinical Anaesthesia
250 ## - EDITION STATEMENT
Edition statement 3rd ed.
260 ## - PUBLICATION, DISTRIBUTION, ETC. (IMPRINT)
Place of publication, distribution, etc. UK:
Name of publisher, distributor, etc. Arnold,
Date of publication, distribution, etc. 2011
300 ## - PHYSICAL DESCRIPTION
Extent xix,830p;
Other physical details ill.
Dimensions 25cm
504 ## - BIBLIOGRAPHY, ETC. NOTE
Bibliography, etc Bibliography, index included.
650 ## - SUBJECT ADDED ENTRY--TOPICAL TERM
Topical term or geographic name as entry element Anaesthesia
9 (RLIN) 333
700 ## - ADDED ENTRY--PERSONAL NAME
Personal name Edited by Pollard, Brian J.
9 (RLIN) 334
942 ## - ADDED ENTRY ELEMENTS (KOHA)
Source of classification or shelving scheme Other/Generic Classification Scheme
Koha item type Open Shelf
Holdings
Withdrawn status Lost status Source of classification or shelving scheme Damaged status Not for loan Home library Current library Date acquired Source of acquisition Inventory number Total Checkouts Full call number Barcode Date last seen Price effective from Koha item type
    Other/Generic Classification Scheme     MUST Main Library MUST Main Library 04/07/2014   14/37567   WO275 H193b 2011 H 2014-0179 04/07/2014 04/07/2014 Open Shelf
    Other/Generic Classification Scheme     MUST Main Library MUST Main Library 04/07/2014   14/37568   WO275 H193b 2011 H 2014-0180 04/07/2014 04/07/2014 Open Shelf